<?xml version="1.0" encoding="UTF-8"?>
<collection xmlns="http://www.loc.gov/MARC21/slim">
 <record>
  <leader>01920nam a22002537a 4500</leader>
  <controlfield tag="001">NCT_135955</controlfield>
  <controlfield tag="008">220613b        xxu||||| |||| 00| 0 vie d</controlfield>
  <datafield tag="999" ind1=" " ind2=" ">
   <subfield code="c">7019</subfield>
   <subfield code="d">7019</subfield>
  </datafield>
  <datafield tag="020" ind1=" " ind2=" ">
   <subfield code="a">9786043126075</subfield>
   <subfield code="c">290000</subfield>
  </datafield>
  <datafield tag="082" ind1="0" ind2="4">
   <subfield code="2">23rd ed.</subfield>
   <subfield code="a">428.0361</subfield>
   <subfield code="b">D523</subfield>
  </datafield>
  <datafield tag="100" ind1="1" ind2=" ">
   <subfield code="a">Nguyễn Thái Duy</subfield>
  </datafield>
  <datafield tag="245" ind1="1" ind2="0">
   <subfield code="a">Cẩm nang dịch tài liệu Y khoa tiếng Anh :</subfield>
   <subfield code="b">Cho người mới bắt đầu</subfield>
   <subfield code="c">Nguyễn Thái Duy</subfield>
  </datafield>
  <datafield tag="250" ind1=" " ind2=" ">
   <subfield code="a">Tái bản lần thứ 1</subfield>
  </datafield>
  <datafield tag="260" ind1=" " ind2=" ">
   <subfield code="a">Tp.Hồ Chí Minh</subfield>
   <subfield code="b">Tổng hợp TP.HCM</subfield>
   <subfield code="c">2020</subfield>
  </datafield>
  <datafield tag="300" ind1=" " ind2=" ">
   <subfield code="a">262 tr.</subfield>
   <subfield code="c">21cm</subfield>
  </datafield>
  <datafield tag="520" ind1="3" ind2=" ">
   <subfield code="a">Tài liệu hướng dẫn đọc dịch này thể hiện hầu như đầy đủ các chủ điểm ngữ pháp quan trong trong tiếng Anh tổng quát. Tài liệu này có thể giúp bạn đọc tham khảo các điểm ngữ pháp tiếng Anh một cách dễ dàng trong suốt quá trình đọc dịch tài liệu y khoa.</subfield>
  </datafield>
  <datafield tag="653" ind1=" " ind2=" ">
   <subfield code="a">Y Đa khoa</subfield>
  </datafield>
  <datafield tag="942" ind1=" " ind2=" ">
   <subfield code="2">ddc</subfield>
   <subfield code="c">BK</subfield>
  </datafield>
  <datafield tag="952" ind1=" " ind2=" ">
   <subfield code="0">0</subfield>
   <subfield code="1">0</subfield>
   <subfield code="2">ddc</subfield>
   <subfield code="4">0</subfield>
   <subfield code="6">428_036100000000000_D523</subfield>
   <subfield code="7">0</subfield>
   <subfield code="9">24986</subfield>
   <subfield code="a">000001</subfield>
   <subfield code="b">000001</subfield>
   <subfield code="d">2022-06-13</subfield>
   <subfield code="o">428.0361 D523</subfield>
   <subfield code="p">MD.19744</subfield>
   <subfield code="r">2022-06-13</subfield>
   <subfield code="v">290000.00</subfield>
   <subfield code="w">2022-06-13</subfield>
   <subfield code="y">BK</subfield>
  </datafield>
  <datafield tag="952" ind1=" " ind2=" ">
   <subfield code="0">0</subfield>
   <subfield code="1">0</subfield>
   <subfield code="2">ddc</subfield>
   <subfield code="4">0</subfield>
   <subfield code="6">428_036100000000000_D523</subfield>
   <subfield code="7">0</subfield>
   <subfield code="9">24987</subfield>
   <subfield code="a">000001</subfield>
   <subfield code="b">000001</subfield>
   <subfield code="d">2022-06-13</subfield>
   <subfield code="l">3</subfield>
   <subfield code="m">3</subfield>
   <subfield code="o">428.0361 D523</subfield>
   <subfield code="p">MD.19745</subfield>
   <subfield code="r">2023-05-26</subfield>
   <subfield code="s">2023-05-06</subfield>
   <subfield code="v">290000.00</subfield>
   <subfield code="w">2022-06-13</subfield>
   <subfield code="y">BK</subfield>
  </datafield>
  <datafield tag="952" ind1=" " ind2=" ">
   <subfield code="0">0</subfield>
   <subfield code="1">0</subfield>
   <subfield code="2">ddc</subfield>
   <subfield code="4">0</subfield>
   <subfield code="6">428_036100000000000_D523</subfield>
   <subfield code="7">0</subfield>
   <subfield code="9">24988</subfield>
   <subfield code="a">000001</subfield>
   <subfield code="b">000001</subfield>
   <subfield code="d">2022-06-13</subfield>
   <subfield code="l">1</subfield>
   <subfield code="m">1</subfield>
   <subfield code="o">428.0361 D523</subfield>
   <subfield code="p">MD.19746</subfield>
   <subfield code="r">2022-10-22</subfield>
   <subfield code="s">2022-10-01</subfield>
   <subfield code="v">290000.00</subfield>
   <subfield code="w">2022-06-13</subfield>
   <subfield code="y">BK</subfield>
  </datafield>
  <datafield tag="952" ind1=" " ind2=" ">
   <subfield code="0">0</subfield>
   <subfield code="1">0</subfield>
   <subfield code="2">ddc</subfield>
   <subfield code="4">0</subfield>
   <subfield code="6">428_036100000000000_D523</subfield>
   <subfield code="7">0</subfield>
   <subfield code="9">24989</subfield>
   <subfield code="a">000001</subfield>
   <subfield code="b">000001</subfield>
   <subfield code="d">2022-06-13</subfield>
   <subfield code="l">3</subfield>
   <subfield code="m">2</subfield>
   <subfield code="o">428.0361 D523</subfield>
   <subfield code="p">MD.19747</subfield>
   <subfield code="r">2023-03-16</subfield>
   <subfield code="s">2023-02-24</subfield>
   <subfield code="v">290000.00</subfield>
   <subfield code="w">2022-06-13</subfield>
   <subfield code="y">BK</subfield>
  </datafield>
  <datafield tag="952" ind1=" " ind2=" ">
   <subfield code="0">0</subfield>
   <subfield code="1">0</subfield>
   <subfield code="2">ddc</subfield>
   <subfield code="4">0</subfield>
   <subfield code="6">428_036100000000000_D523</subfield>
   <subfield code="7">0</subfield>
   <subfield code="9">24990</subfield>
   <subfield code="a">000001</subfield>
   <subfield code="b">000001</subfield>
   <subfield code="d">2022-06-13</subfield>
   <subfield code="l">4</subfield>
   <subfield code="m">1</subfield>
   <subfield code="o">428.0361 D523</subfield>
   <subfield code="p">MD.19748</subfield>
   <subfield code="r">2023-06-06</subfield>
   <subfield code="s">2023-05-23</subfield>
   <subfield code="v">290000.00</subfield>
   <subfield code="w">2022-06-13</subfield>
   <subfield code="y">BK</subfield>
  </datafield>
  <datafield tag="980" ind1=" " ind2=" ">
   <subfield code="a">Thư viện Trường Đại học Nam Cần Thơ</subfield>
  </datafield>
 </record>
</collection>
